Sanat: "Supersankari" - Laura Närhi - Statistics

Yleistilastot
  • Tätä visaa on pelattu 155 kertaa
  • Keskiarvotulos 145 / 182
Vastaustilastot
Vastaus % Oikein
98%
sun
96%
Sun
96%
ja
95%
vaikka
95%
käynnistäisin
93%
päällä
93%
sydämen
93%
väkisin
93%
kolariautosta
91%
sut
91%
irti
89%
palavasta
89%
talosta
89%
Leikkaisin
88%
Leikkaisin
86%
86%
86%
sen
82%
ulos
82%
raahaisin
81%
hyökyaallosta
79%
kopteriin
79%
kun
79%
että
77%
että
77%
supersankari
77%
Nostaisin
75%
nostaisin
75%
nostaisin
75%
kengännauhoja
74%
olkkarissa
74%
ompelisin
74%
takki
74%
vaan
74%
istut
72%
katon
72%
kokonaiseksi
72%
paloista
72%
solmit
72%
miten
70%
ihan
70%
kaiken
70%
sanot
70%
alkaa
68%
satamaan
68%
auto
67%
sanon
65%
hetki
63%
naista
63%
parempaa
63%
jossain
61%
kulki
61%
sua
61%
tuhota
61%
vierelläsi
61%
katsees
60%
kohottaa
60%
mut
60%
oisit
60%
rikkoa
60%
seuraava
60%
tuolla
60%
venaa
60%
voinut
60%
voisi
60%
alhaalla
58%
kokoajan
58%
Kuinka
58%
puolestasi
58%
sitä
58%
tarinan
58%
tekisin
58%
kesken
56%
meidät
56%
pysty
56%
tajuumaan
56%
annoit
54%
etkä
54%
halusit
54%
jahtaat
54%
muka
54%
periksi
54%
muuttuvan
53%
silti
53%
ehjän
51%
helpoksi
51%
läpi
51%
tornadojen
51%
silloin
47%
silmissäni
46%
nähnyt
16%
Ehtoja vastaavia visoja ei löytynyt
Tulosjakauma
Jokaisen tuloksen saaneiden osuus
Persentiili vastausten määrän mukaan
Tuloshistoriasi
Et ole pelannut tätä visaa